[Event "WchT Silent"]
[Site "Opatija"]
[Date "2014.06.26"]
[Round "8.2"]
[White "Checiak, Krzysztof"]
[Black "Cimesa, Rajko"]
[Result "1/2-1/2"]
[WhiteElo "2101"]
[BlackElo "2020"]
[PlyCount "76"]
[EventDate "2014.06.19"]
[EventType "team-swiss"]
[EventRounds "9"]
[EventCountry "CRO"]
[SourceTitle "CBM 161 Extra"]
[Source "ChessBase"]
[SourceDate "2014.08.29"]
[SourceVersion "1"]
[SourceVersionDate "2014.08.29"]
[SourceQuality "1"]
[WhiteTeam "Poland"]
[BlackTeam "Serbia"]
[WhiteTeamCountry "POL"]
[BlackTeamCountry "SRB"]

1. d4 Nf6 2. Nf3 g6 3. c4 Bg7 4. g3 c5 5. d5 d6 6. Nc3 Bf5 7. Nd2 Qc8 8. h3 Na6 9. Bg2 Nc7 10. e4 Bd7 11. a4 Na6 12. Nf3 Nb4 13. Kf1 0-0 14. Kg1 Ne8 15. Bf4 e5 16. dxe6 Bxe6 17. Qb3 f5 18. Nd5 Bxd5 19. exd5 h6 20. h4 Qd8 21. Bd2 a5 22. Re1 Nf6 23. Bh3 Ne4 24. Be3 Qf6 25. Re2 Rae8 26. Kg2 g5 27. hxg5 hxg5 28. g4 f4 29. Bc1 Qg6 30. Rhe1 Nf6 31. Bd2 Nc2 32. Rxe8 Rxe8 33. Rxe8+ Nxe8 34. Qxb7 Qe4 35. Qb3 Bd4 36. Bc3 Bxf2 37. Kxf2 Qe3+ 38. Kg2 Qe2+ 1/2-1/2